|
|
|
|
| LEADER |
00801nam a2200265 4500 |
| 001 |
DLU090069869 |
| 005 |
##20090514 |
| 040 |
# |
# |
|a DLU
|b eng
|
| 041 |
# |
# |
|a eng
|
| 044 |
# |
# |
|a US
|
| 100 |
# |
# |
|a Denike, Margaret.
|
| 245 |
# |
# |
|a The human rights of others : Sovereignty, legitimacy, and "Just Causes" for the "War on Terror" /
|c Margaret Denike.
|
| 653 |
# |
# |
|a Human rights
|
| 653 |
# |
# |
|a International relations
|
| 653 |
# |
# |
|a War on Terrorism, 2001-
|
| 773 |
# |
# |
|t Hypatia
|g Vol. 23, no. 2 (Spring 2008), p. 95-121
|
| 920 |
# |
# |
|a Phòng Tạp chí -- Trung tâm Thông tin - Thư viện Trường Đại học Đà Lạt
|
| 994 |
# |
# |
|a DLU
|
| 900 |
# |
# |
|a True
|
| 911 |
# |
# |
|a Trương Bảo Trâm Anh
|
| 925 |
# |
# |
|a G
|
| 926 |
# |
# |
|a A
|
| 927 |
# |
# |
|a BB
|
| 980 |
# |
# |
|a Thư viện Trường Đại học Đà Lạt
|